Workers health and medical and plantations (Record no. 21995)

MARC details
000 -LEADER
fixed length control field 00341nam a2200133Ia 4500
082 ## - DEWEY DECIMAL CLASSIFICATION NUMBER
Classification number 331:631
Item number WOR
245 #0 - TITLE STATEMENT
Title Workers health and medical and plantations
260 ## - PUBLICATION, DISTRIBUTION, ETC. (IMPRINT)
Place of publication Niligiris
Name of publisher UPASI
Year of publication 1961
650 ## - SUBJECT ADDED ENTRY--TOPICAL TERM
Topical Term Medical aid
650 ## - SUBJECT ADDED ENTRY--TOPICAL TERM
Topical Term Plantations
650 ## - SUBJECT ADDED ENTRY--TOPICAL TERM
Topical Term Workers health
942 ## - ADDED ENTRY ELEMENTS (KOHA)
Koha item type Books
Holdings
Withdrawn status Lost status Damaged status Not for loan Home library Current library Date acquired Full call number Accession Number Koha item type
        RRII Library RRII Library 16/12/2021 331:631 WOR 02710 Books